| 000 | 02384 a2200217 4500 | ||
|---|---|---|---|
| 001 | 15356 | ||
| 005 | 20260407155449.0 | ||
| 008 | 260407a2012 arg spa d | ||
| 003 | AR-UNSa-BCEJYS | ||
| 040 |
_aAR-UNSa-BCEJYS _bspa _cAR-UNSa-BCEJYS |
||
| 080 |
_a343.97 _xSociología criminal. El crimen como fenómeno social. Criminalidad comparada. Causas e influencias. Factores sociales del crimen. Ambiente social |
||
| 245 | 1 | 0 |
_aDelito, pena y control social _pun enfoque sociológico entre estructura y cultura |
| 020 | _a978-950-894-881-6 | ||
| 264 | 1 |
_aBuenos Aires : _bAD-HOC _c2012 |
|
| 300 |
_a525 p. _c23 cm. |
||
| 505 | _a1. ¿Está en crisis la criminología crítica? - 2. Teoría social y cambios en las representaciones del delito - 3. Estados fuertes y definidos de la conciencia colectiva - 4. ¿Una criminología crítica modernizadora? Desarrollos sociales y cuestión criminal - 5. Miedo, lucha de clases, crimen: ¿cuál "realismo"? - 6. Mas allá del "Panopticon". Para un estudio de las estrategias de control social en el capitalismo del siglo XX - 7. Castigo y acción social: los cambiantes vocabularios de motivos al interior de un ciclo político de negocios - 8. Homicidios, economía y tasas de encarcelamiento en Italia desde la Unidad hasta hoy - 9. La simple "máxima heurística" de un "ser humano inusual". En torno a Rusche y Kirchheimer: pena y estructura social - 10. Penalidad y "gobierno de las poblaciones" entre Marx y Foucault - 11. Democracia y control social: ¿todavía juntos? (luego del surgimiento de un "control automático") - 12. El "otro" en la nueva Europa: migraciones, desviación, control social - 13. Seguridad, control social, democracia e inmigración en la Constitución de la Unión Europea - 14. "Una vida en paz". La migración y el delito de la modernidad en Europa/Italia - 15. La radicación cultural del control social (o de la imposibilidad de la traducción): reflexiones a partir de la comparación de las culturas italiana y norteamericana respecto del control social - 16. Las "afinidades electivas" del neoliberalismo: penalidad, economía política y relaciones internacionales | ||
| 942 | _cBK | ||
| 590 | _aniveau_biblio:m niveau_hierar:0 | ||
| 100 | 1 | _aMelossi, Darío | |
| 856 | 4 | 1 |
_uhttps://biblioeco.unsa.edu.ar/pmb/images/libros/Delito, Penal y Contrato Social2-l118928.jpg _yImagen de portada _qimage/jpeg |
| 999 |
_c641 _d641 |
||